| Tag |
First Indicator |
Second Indicator |
Subfields |
| LEADER |
00000cam a2200000 a 4500 |
| 001 |
in00000011812 |
| 005 |
20151007051711.0 |
| 008 |
860107s1986 nju b 00100 eng |
| 010 |
|
|
|a 86001034
|
| 020 |
|
|
|a 0893913014
|
| 035 |
|
|
|a (OCoLC)13095227
|
| 035 |
|
|
|9 AAA4358AM
|
| 040 |
|
|
|a DLC
|c DLC
|d OCL
|d m/c
|d TXA
|d UtOrBLW
|
| 049 |
|
|
|a TXAM
|c [A11027973]
|
| 050 |
0 |
0 |
|a LB1525
|b .E54 1986
|
| 082 |
0 |
|
|a 372.4
|2 19
|
| 245 |
0 |
0 |
|a Emergent literacy :
|b writing and reading /
|c edited by William H. Teale, Elizabeth Sulzby.
|
| 264 |
|
1 |
|a Norwood, N.J. :
|b Ablex Pub. Corp.,
|c [1986]
|
| 264 |
|
4 |
|c ©1986
|
| 300 |
|
|
|a xxv, 218 pages ;
|c 24 cm.
|
| 336 |
|
|
|a text
|b txt
|2 rdacontent
|
| 337 |
|
|
|a unmediated
|b n
|2 rdamedia
|
| 338 |
|
|
|a volume
|b nc
|2 rdacarrier
|
| 490 |
1 |
|
|a Writing research
|
| 504 |
|
|
|a Includes bibliographies and indexes.
|
| 650 |
|
0 |
|a Reading (Primary)
|
| 650 |
|
0 |
|a Literacy.
|
| 650 |
|
0 |
|a Language acquisition.
|
| 700 |
1 |
|
|a Teale, William H.
|
| 700 |
1 |
|
|a Sulzby, Elizabeth.
|
| 830 |
|
0 |
|a Writing research (Norwood, N.J.)
|
| 999 |
|
|
|a MARS
|
| 999 |
f |
f |
|s be5bdb97-a91d-35e6-a234-9cc511e4c089
|i ddc0b582-9d34-361f-9f8e-aefad9d97155
|t 0
|
| 952 |
f |
f |
|p normal
|a Texas A&M University
|b College Station
|c Sterling C. Evans Library
|d Evans: Library Stacks
|t 0
|e LB1525 .E54 1986
|h Library of Congress classification
|i unmediated -- volume
|m A14811027973
|
| 998 |
f |
f |
|a LB1525 .E54 1986
|t 0
|l Evans: Library Stacks
|